Vnútropodniková smernica pre vedenie podvojného účtovníctva

Spracovanie vlastnej vnútropodnikovej smernice podnikateľských subjektov, ktorá upravuje všeobecné právne predpisy konkrétne na podmienky firmy. Organizácia vedenia účtovníctva spoločnosti HELIUS Dubnica n./V. Princípy vedenia účtovníctva. Obeh dokladov. Technická dokumentácia programového vybavenia...

Descripción completa

Guardado en:
Detalles Bibliográficos
Autor principal: Struhárová, Jana
Formato: Capítulo de libro
Lenguaje:eslovaco
Materias:
Etiquetas: Agregar Etiqueta
Sin Etiquetas, Sea el primero en etiquetar este registro!

MARC

LEADER 00000naa a2200000 4500
001 r035835
005 20230919090052.7
041 0 |a slo 
044 |a SK 
245 1 0 |a Vnútropodniková smernica pre vedenie podvojného účtovníctva  |c Jana Struhárová 
520 |a Spracovanie vlastnej vnútropodnikovej smernice podnikateľských subjektov, ktorá upravuje všeobecné právne predpisy konkrétne na podmienky firmy. Organizácia vedenia účtovníctva spoločnosti HELIUS Dubnica n./V. Princípy vedenia účtovníctva. Obeh dokladov. Technická dokumentácia programového vybavenia. Odpisový plán. Spôsob vedenia evidencie na sklade. Spôsob oceňovania majetku a záväzkov. Rezervy. Inventarizácia. Archivácia písomností. Časové rozlíšenie nákladov a výnosov. Uzavieranie účtovných kníh. 
610 2 0 |a účtovníctvo podvojné 
610 2 0 |a smernice organizačné 
610 2 0 |a HELIUS Dubnica n./V. 
610 2 0 |a vedenie účtovníctva 
610 2 0 |a dokumentácia 
610 2 0 |a majetok 
610 2 0 |a rezervy 
610 2 0 |a rozdiely kurzové 
610 2 0 |a knihy účtovné 
100 1 |a Struhárová, Jana